|
|
|
|
| LEADER |
00000naa2a2200000 4500 |
| 001 |
233127 |
| 005 |
20240123101205.0 |
| 035 |
|
|
|a (RuTPU)RU\TPU\book\254195
|
| 035 |
|
|
|a RU\TPU\book\254194
|
| 090 |
|
|
|a 233127
|
| 100 |
|
|
|a 20130227d1993 k y0rusy50 ca
|
| 101 |
0 |
|
|a rus
|
| 102 |
|
|
|a RU
|
| 200 |
1 |
|
|a Низкотемпературное каталитическое окисление углеводородов на ультрадисперсных порошках сложных оксидов переходных металлов
|f А. Н. Пестряков [и др.]
|
| 463 |
|
0 |
|0 (RuTPU)RU\TPU\book\26649
|t Получение, свойства и применение энергонасыщенных ультрадисперсных поршков металлов и их соединений
|o тезисы докладов Российской конференции (3-5 ноября 1993 г.)
|f Томский политехнический университет (ТПУ)
|v С. 90
|n [Б. и.]
|d 1993
|p 114 с.
|
| 610 |
1 |
|
|a труды учёных ТПУ
|
| 701 |
|
1 |
|a Пестряков
|b А. Н.
|c химик
|c профессор Томского политехнического университета, доктор химических наук
|f 1963-
|g Алексей Николаевич
|3 (RuTPU)RU\TPU\pers\27694
|4 070
|9 12768
|
| 701 |
|
1 |
|a Мухутдинов
|b Р. Х.
|
| 701 |
|
1 |
|a Самойлов
|b Н. А.
|
| 701 |
|
1 |
|a Каренгин
|b А. Г.
|c физик
|c доцент Томского политехнического университета, кандидат физико-математических наук
|f 1950-
|g Александр Григорьевич
|3 (RuTPU)RU\TPU\pers\24286
|4 070
|9 10751
|
| 801 |
|
1 |
|a RU
|b 63413507
|c 20130227
|
| 801 |
|
2 |
|a RU
|b 63413507
|c 20130227
|g RCR
|
| 942 |
|
|
|c BK
|